| 000 | 00903nam a22002417a 4500 | ||
|---|---|---|---|
| 001 | 27927 | ||
| 003 | BD-RjUL | ||
| 005 | 20211209051222.0 | ||
| 008 | 140329s1947 ii a|||| |||| 001 0 eng d | ||
| 035 | _a(BD-RjUL) 28008 | ||
| 040 |
_aBD-RjUL _beng _cBD-RjUL |
||
| 041 | _aeng | ||
| 082 | 0 | 4 |
_a954.0236 _bKHM 1947 |
| 100 | 1 |
_aKhān Sāqī Mustaʻidd _985667 |
|
| 245 | 1 |
_aMaāsir-i-ʻĀlamgiri : a history of the emperor Aurangzib-ʻl̀amgir (reign 1658-1707 A.D.) / _c Sāqī Mustaʻidd Khān |
|
| 260 |
_aCalcutta : _bRoyal Asiatic Society of Bengal, _c1947. |
||
| 300 |
_avii, 350 p. ; _c24 cm. |
||
| 490 | 0 | _a Bibliotheca Indic ; Work, no. 269; issue no. 1556; Bibliotheca indica, Work no. 269.; Bibliotheca Indica, issue no. 1556 | |
| 504 | _aIncludes Index | ||
| 650 |
_a Aurangzib, -- emperor of Hindistan, -- 1619-1707. _985668 |
||
| 700 | 1 |
_aSarkar Jadunath _919419 |
|
| 942 |
_2ddc _cBK |
||
| 999 |
_c27927 _d27927 |
||